Central Library OPAC University of Rajshahi

Kant Selections / (Record no. 85506)

MARC details
000 -LEADER
fixed length control field 00673nam a2200229 a 4500
001 - CONTROL NUMBER
control field 85506
003 - CONTROL NUMBER IDENTIFIER
rucl marc code BD-RjUL
005 - DATE AND TIME OF LATEST TRANSACTION
control field 20250811125226.0
008 - FIXED-LENGTH DATA ELEMENTS--GENERAL INFORMATION
fixed length control field 250811s1929 bg ||||| |||| 00| 0 eng d
035 ## - SYSTEM CONTROL NUMBER
System control number (BD-RjUL)85506
040 ## - CATALOGING SOURCE
Original cataloging agency BD-RjUL
Language of cataloging eng
Transcribing agency BD-RjUL
041 ## - LANGUAGE CODE
Language code of text/sound track or separate title ben
082 ## - DEWEY DECIMAL CLASSIFICATION NUMBER
Edition number 23
Classification number 193
Author mark and year KAK 1929
100 ## - MAIN ENTRY--PERSONAL NAME
Personal name Kant, Immanuel
9 (RLIN) 16562
245 ## - TITLE STATEMENT
Title Kant Selections /
Statement of responsibility, etc. Immanuel Kant; Theodore Meyer Greene (Editor)
260 ## - PUBLICATION, DISTRIBUTION, ETC. (IMPRINT)
Place of publication, distribution, etc. New York :
Name of publisher, distributor, etc. Charles Scribner's Sons,
Date of publication, distribution, etc. 1929
300 ## - PHYSICAL DESCRIPTION
Pagination 326 p.;
Size 17 cm.
650 ## - SUBJECT ADDED ENTRY--TOPICAL TERM
Topical term or geographic name as entry element Philosophy, German 18th century
9 (RLIN) 16561
Topical term or geographic name as entry element Philosophy
700 ## - ADDED ENTRY--PERSONAL NAME
Personal name Greene, Theodore Meyer (Editor)
942 ## - ADDED ENTRY ELEMENTS (KOHA)
Source of classification or shelving scheme Dewey Decimal Classification
Koha item type Books
Holdings
Lost status Source of classification or shelving scheme Damaged status Not for loan Collection code Permanent Location Current Location Shelving location Date acquired Source of acquisition Cost, normal purchase price Total Checkouts Full call number Date last seen Copy number Koha item type
  Dewey Decimal Classification   Not For Loan Non-fiction Central Library, University of Rajshahi Central Library, University of Rajshahi Reading Room 04/03/1963 Zeitlinger 9.60   193 KAK 1929 11/08/2025 C-1 Books